000 00470pab a2200169 454500
008 180718b2014 xxu||||| |||| 00| 0 eng d
100 _aBang, Sanjay S.
245 _aJudicial review of administrative actions: A study with reference to judicial pronouncements from Indian scenario
260 _c2014
300 _ap.103-128.
362 _aFeb
650 _aJudiciary - India
650 _aJudiciary
773 _aAdministrator
908 _aN
909 _a105323
999 _c105318
_d105318